Statistics for Country Names With More Vowels than Consonants

Click here to take the quiz!

General Stats

  • This quiz has been taken 38 times
  • The average score is 23 of 40

Answer Stats

ContinentAnswer% Correct
OceaniaAustralia
86%
EuropeAlbania
80%
EuropeAustria
80%
South AmericaUruguay
77%
OceaniaPalau
74%
South AmericaVenezuela
71%
AfricaAlgeria
69%
South AmericaBolivia
69%
AsiaIndia
69%
OceaniaVanuatu
69%
South AmericaEcuador
66%
AfricaEthiopia
66%
OceaniaPapua New Guinea
66%
OceaniaSamoa
66%
North AmericaJamaica
63%
EuropeEstonia
60%
North AmericaHaiti
60%
AsiaIndonesia
60%
EuropeLithuania
60%
OceaniaNauru
60%
North AmericaGuatemala
57%
AfricaMauritania
57%
AfricaMauritius
57%
EuropeUkraine
57%
AfricaGuinea
51%
AfricaGuinea-Bissau
51%
AfricaSomalia
51%
AsiaArmenia
49%
EuropeCroatia
49%
AfricaEritrea
49%
EuropeRomania
49%
North AmericaNicaragua
46%
AfricaSierra Leone
46%
AsiaGeorgia
43%
AfricaNamibia
43%
AsiaSaudi Arabia
43%
AfricaEquatorial Guinea
40%
AfricaNigeria
40%
AfricaLiberia
37%
AfricaTunisia
26%

Score Distribution

Percentile by Number Answered

Percent of People with Each Score

Your Score History

You have not taken this quiz